000 00622nam a2200193Ia 4500
005 20260120124549.0
008 008 260114s9999 xx 000 0 eng d
020 _a9781781901908
037 _aEBOOK
040 _aCRL
_beng
_cCRL
041 _aeng
_2eng
084 _qCRL
245 0 _aAnnual Review of Health Care Management: Strategy and Policy Perspectives on Reforming Health Systems
260 _bEmerald Publishing
_c2012
700 _aLeonard H. Friedman
_9907806
856 _uhttps://www.emerald.com/insight/publication/doi/10.1108/S1474-8231(2012)13
942 _cEBOOK
999 _c1499691
_d1499691